00266nam a2200109Ia 4500008004100000082001700041100001600058245003300074260003300107300000800140650000800148191201s2005 xx 000 0 und d a658.301bGAE aGARG, Vinod 0aEnterprise Resource Planning aN.DelhibPrentice Hallc2005 a185 aMBA